Psychology and industry today : (Record no. 178417)

000 -LEADER
fixed length control field 00860 a2200217 4500
003 - CONTROL NUMBER IDENTIFIER
control field Nust
005 - DATE AND TIME OF LATEST TRANSACTION
control field 20221221115413.0
010 ## - LIBRARY OF CONGRESS CONTROL NUMBER
LC control number 85003111
020 ## - INTERNATIONAL STANDARD BOOK NUMBER
International Standard Book Number 0024076104
040 ## - CATALOGING SOURCE
Transcribing agency Nust
082 00 - DEWEY DECIMAL CLASSIFICATION NUMBER
Classification number 158.719, SCH
100 1# - MAIN ENTRY--PERSONAL NAME
Personal name Schultz, Duane P.
9 (RLIN) 37124
245 10 - TITLE STATEMENT
Title Psychology and industry today :
Remainder of title an introduction to industrial and organizational psychology /
Statement of responsibility, etc. Duane P. Schultz, Sydney Ellen Schultz.
250 ## - EDITION STATEMENT
Edition statement 4th ed.
260 ## - PUBLICATION, DISTRIBUTION, ETC.
Place of publication, distribution, etc. New York :
Name of publisher, distributor, etc. Macmillan,
Date of publication, distribution, etc. c1986.
300 ## - PHYSICAL DESCRIPTION
Extent xiii, 593 p. :
Other physical details ill. ;
Dimensions 25 cm.
505 ## - FORMATTED CONTENTS NOTE
Formatted contents note Part-1: The Practice of Industrial Psychology (Page-1), Part-2: Personnel Psychology (Page-67), Part-3: Organization Psychology (Page-245), Part-4: The Workplace (Page-359), Part-5: Consumer Psychology (Page-503).
650 #0 - SUBJECT ADDED ENTRY--TOPICAL TERM
Topical term or geographic name entry element Psychology, Industrial.
700 1# - ADDED ENTRY--PERSONAL NAME
Personal name Schultz, Sydney Ellen.
9 (RLIN) 37125
942 ## - ADDED ENTRY ELEMENTS (KOHA)
Source of classification or shelving scheme
Koha item type Book
Holdings
Withdrawn status Lost status Source of classification or shelving scheme Damaged status Not for loan Permanent Location Current Location Shelving location Date acquired Full call number Barcode Date last seen Price effective from Koha item type Public note
          Military College of Signals (MCS) Military College of Signals (MCS) General Stacks 12/12/2016 158.719,SCH MCS34377 12/08/2016 12/12/2016 Book Almirah No.46, Shelf No.5
          Military College of Signals (MCS) Military College of Signals (MCS) General Stacks 12/12/2016 158.719,SCH MCS34378 12/08/2016 12/12/2016 Book Almirah No.73, Shelf No.2
© 2023 Central Library, National University of Sciences and Technology. All Rights Reserved.